| 000 | 00604nam a2200205 a 4500 | ||
|---|---|---|---|
| 005 | 20240925064057.0 | ||
| 008 | 991125s1990 ea 000 0 eng u | ||
| 020 | _a0893915122 | ||
| 035 | _aUPN01000001114 | ||
| 049 | _aCG | ||
| 050 | 4 |
_aLB1134 _bA39 |
|
| 245 | 0 | 0 |
_aAdvances in infancy research / _ced. Carolyn Rovee-Collier. |
| 260 |
_aNew Jersey, E.U.A. : _bABLEX, _c1990. |
||
| 300 | _axxxvi, 292 p. | ||
| 440 | 0 |
_aAdvances in infancy research ; _v6 |
|
| 650 | 2 |
_aInvestigacion psicológica _915795 |
|
| 650 | 4 |
_aNiño, Estudio del _9221 |
|
| 700 | 1 |
_aRovee-Collier, Carolyn, _eed. |
|
| 905 | _aLibro | ||
| 999 |
_c1114 _d1114 |
||